| 000 | 00608nam a22002177a 4500 | ||
|---|---|---|---|
| 999 |
_c2638 _d2638 |
||
| 003 | OSt | ||
| 005 | 20230802143424.0 | ||
| 008 | 230802b ||||| |||| 00| 0 eng d | ||
| 020 | _a9789671960257 | ||
| 040 | _cKH8 | ||
| 082 | _a400 SYA | ||
| 100 |
_aSyahril Othman, _eauthor. |
||
| 245 |
_aIGCSE Malay Writing, Paper 4 Volume 1 / _cSyahril Othman. |
||
| 250 | _aSecond edition | ||
| 260 |
_aMalaysia: _bSyahril Education Enterprise. |
||
| 300 | _a105 pages. | ||
| 440 |
_aIGCSE Malay Writing, _nPaper 4 _v1 |
||
| 651 |
_aMalaysia _vMalay language |
||
| 651 |
_aMalaysia _vMalay grammar |
||
| 942 |
_2ddc _cTR |
||